| 000 | 00336nmm a2200145 a 4500 | ||
|---|---|---|---|
| 003 | AR-BaBNM | ||
| 005 | 20251128203149.0 | ||
| 008 | 173119s1901 ||||||||||||||000 | spa|| | ||
| 040 | _cAR-BaBNM | ||
| 100 | 1 | _aValera, Juan | |
| 245 | 1 | 0 |
_aEcos argentinos _bapuntes |
| 260 |
_a[S.l.] _bF. Fe _c1901 |
||
| 942 | _cBK | ||
| 998 | _cMATO MOURAZOS | ||
| 999 |
_c2183 _d2183 |
||